|
|
|
|
| LEADER |
02612nam a2200553 i 4500 |
| 001 |
nkc20213364991 |
| 003 |
CZ PrNK |
| 005 |
20241114081638.0 |
| 007 |
ta |
| 008 |
211004s2021 xr d 000 j cze |
| 015 |
|
|
|a cnb003364991
|
| 020 |
|
|
|a 978-80-7661-281-5
|q (vázáno)
|
| 035 |
|
|
|a (OCoLC)1284974674
|
| 040 |
|
|
|a ABG001
|b cze
|e rda
|
| 041 |
1 |
|
|a cze
|h eng
|
| 072 |
|
7 |
|a 821.111(73)-3
|x Americká próza
|2 Konspekt
|9 25
|
| 072 |
|
7 |
|a 821-93
|x Literatura pro děti a mládež (beletrie)
|2 Konspekt
|9 26
|
| 080 |
|
|
|a 821.111(73)-32
|2 MRF
|
| 080 |
|
|
|a 821-93-053.67
|2 MRF
|
| 080 |
|
|
|a 821-93
|2 MRF
|
| 080 |
|
|
|a (0:82-322.5)
|2 MRF
|
| 100 |
1 |
|
|a Cass, Kiera,
|d 1981-
|7 xx0188989
|4 aut
|
| 240 |
1 |
0 |
|a Happily ever after.
|l Česky
|
| 245 |
1 |
0 |
|a Šťastně až navěky /
|c Kiera Cassová ; přeložila Nika Exnerová
|
| 250 |
|
|
|a 2. vydání
|
| 264 |
|
1 |
|a V Praze :
|b CooBoo,
|c 2021
|
| 300 |
|
|
|a 360 stran ;
|c 22 cm
|
| 336 |
|
|
|a text
|b txt
|2 rdacontent
|
| 337 |
|
|
|a bez média
|b n
|2 rdamedia
|
| 338 |
|
|
|a svazek
|b nc
|2 rdacarrier
|
| 500 |
|
|
|a Přeloženo z angličtiny
|
| 520 |
2 |
|
|a Kniha povídek ze světa dívčí dystopické série Selekce.
|b Než se America přihlásila do Selekce, jiná žena musela projít touto soutěží, aby se stala královnou. Aspen nikdy nevěřil, že se vymaní z chudoby, která provázela všechny příslušníky jeho kasty. Avšak poté, co se stane strážcem, dokáže, že kasty nemusí určovat lidskou budoucnost. Marlee Tamesová se přihlásila do Selekce a prince Maxona zbožňovala, ale nikdy by si nepřipustila, že se může zamilovat i do někoho jiného. Princ si nikdy nemohl vybrat, co bude dělat - o všem rozhodoval jeho otec, ale nyní nastal okamžik, kdy vše musí vzít pevně do svých rukou. Bonusové scény, epilog, mapy a ilustrace navíc. Nakladatelská anotace.
|
| 655 |
|
7 |
|a americké povídky
|7 fd131793
|2 czenas
|
| 655 |
|
7 |
|a milostné povídky
|7 fd132834
|2 czenas
|
| 655 |
|
7 |
|a literatura young adult
|7 fd1185572
|2 czenas
|
| 655 |
|
7 |
|a publikace pro mládež
|7 fd133157
|2 czenas
|
| 655 |
|
9 |
|a American short stories
|2 eczenas
|
| 655 |
|
9 |
|a love short stories
|2 eczenas
|
| 655 |
|
9 |
|a young adult literature
|2 eczenas
|
| 655 |
|
9 |
|a juvenile literature
|2 eczenas
|
| 700 |
1 |
|
|a Exnerová, Nika,
|d 1989-
|7 hka2016935782
|4 trl
|
| 787 |
0 |
8 |
|i Z cyklu:
|t Selekce
|g 0
|
| 910 |
2 |
|
|a BOA001
|b 2-1472.666
|
| 920 |
|
|
|a 4614938
|z ABG001
|
| 928 |
9 |
|
|a Albatros Media - CooBoo
|
| 990 |
|
|
|a BK
|
| 995 |
|
|
|a 01
|
| 991 |
|
|
|b 202110
|c NOV
|
| 996 |
6 |
|
|b 2610882445
|c 2-1472.666
|l MZK
|r Sklad / do 1 hodiny
|n 1
|p p.v.
|w 001866377
|u 000010
|a 1
|e BOA001
|j MZK50
|s P
|